| 000 | 00383nam a2200121Ia 4500 | ||
|---|---|---|---|
| 001 | IA_3656,06/08/2007,24/01/2012,0000002006 mx 0000000000spa00," | ||
| 002 | Departamento de Ingenieria Agroindustrial | ||
| 008 | 220117s xx 000 0 und d | ||
| 010 | _a182953 | ||
| 090 | _aTesis 778 | ||
| 100 |
_aLopez Palestina _9155096 |
||
| 650 |
_aNaranja _980130 |
||
| 999 |
_c182953 _d182953 |
||